00367nam a2200097Ia 4500008004100000100002300041245008100064260008500145500002700230546001200257220512s9999 xx 000 0 eng d aMondal, Sekh Rahim 0aMulticulturalism in India:Opportunities and Challenges /cMondal, Sekh Rahim aWest Bengal :bCentre for Himalayan Studies, University of North Bengal,cJun-05 aOccasional Paper No 16 aEnglish